000 00897nam a2200253 a 4500
001 000025869
005 20200930024119.0
008 110223s1969 sp a r 000 0 spa d
040 _aDO-SdBNP
_bspa
_cBNPHU
041 1 7 _aspa
_hger
_2Código de idiomas MARC
082 _ann*
_bnn*
100 1 _aRoos, Hans.
_952715
240 1 0 _aGeschichte der polnischen nation.
_lEspañol
245 1 0 _aPanoramas de la historia universal /
_cHans Roos ; traducción de Claudio Gancho.
260 _aBilbao :
_bMoreton,
_c1969.
300 _av. :
_bil. ;
_c17 cm.
490 1 _aBiblioteca de Divulgación Cultural
534 _aTítulo original :
_tGeschichte der polnischen nation
500 _aLa biblioteca sólo posee el volumen 8.
505 0 _gV. 8.
_tHistoria de la nación Polaca.
700 1 _aGancho, Claudio,
_etr.
_952716
830 0 _aBiblioteca de Divulgación Cultural
_951837
049 _aBNGR
999 _c25361
_d25361